Civils lead to recovery (Record no. 81426)
[ view plain ]
| 000 -LEADER | |
|---|---|
| fixed length control field | 00836cab a22001815a 4500 |
| 001 - CONTROL NUMBER | |
| control field | L147197 |
| 008 - FIXED-LENGTH DATA ELEMENTS--GENERAL INFORMATION | |
| fixed length control field | 090414e20090402xxkd f s 000 0 eng d |
| 035 ## - SYSTEM CONTROL NUMBER | |
| System control number | (Sirsi) u147197 |
| 041 0# - LANGUAGE CODE | |
| Language code of text/sound track or separate title | eng |
| 245 00 - TITLE STATEMENT | |
| Title | Civils lead to recovery |
| Remainder of title | the property market might be depressed, but the north west construction industry still has grounds for optimisim as recession bites |
| 260 ## - PUBLICATION, DISTRIBUTION, ETC. | |
| Date of publication, distribution, etc. | 2009 |
| 490 #0 - SERIES STATEMENT | |
| Series statement | New Civil Engineer |
| Volume/sequential designation | 2 April 2009, 32-33(2) |
| 520 ## - SUMMARY, ETC. | |
| Summary, etc. | There are several publicly funded construction contracts still available in the north west to give the construction industry work, based on evidence from the North West Regional Development Agency's regional strategy and intelligence published by the company Glenigan. |
| 590 ## - LOCAL NOTE (RLIN) | |
| Local note | KA |
| 651 #4 - SUBJECT ADDED ENTRY--GEOGRAPHIC NAME | |
| Geographic name | North-West |
| 690 ## - LOCAL SUBJECT ADDED ENTRY--TOPICAL TERM (OCLC, RLIN) | |
| Topical term or geographic name as entry element | BUILT ENVIRONMENT-CONSTRUCTION MARKET |
| 942 ## - ADDED ENTRY ELEMENTS (KOHA) | |
| Suppress in OPAC | 0 |
| Withdrawn status | Lost status | Source of classification or shelving scheme | Damaged status | Not for loan | Home library | Current library | Shelving location | Date acquired | Total Checkouts | Full call number | Barcode | Date last seen | Copy number | Price effective from | Koha item type |
|---|---|---|---|---|---|---|---|---|---|---|---|---|---|---|---|
| Dewey Decimal Classification | London | London | Journal article | 14/04/2009 | L147197 | 147197-1001 | 06/08/2019 | 1 | 06/08/2019 | Journal article |